Nivel Inicial Plan Decenal de Educación en Acción, Transformación curricular en marcha (Record no. 8288)
[ view plain ]
| 000 -LEADER | |
|---|---|
| campo de control de longitud fija | 00446nam a2200133Ia 4500 |
| 001 - NÚMERO DE CONTROL | |
| campo de control | 565 |
| 008 - DATOS DE LONGITUD FIJA--INFORMACIÓN GENERAL | |
| campo de control de longitud fija | 241024s9999 xx 000 0 und d |
| 082 ## - NÚMERO DE LA CLASIFICACIÓN DECIMAL DEWEY | |
| Número de clasificación | RD/379.2/R426p/5 |
| 100 ## - ENTRADA PRINCIPAL--NOMBRE DE PERSONA | |
| Nombre de persona | República Dominicana.Secretaria de Estado de Educación Bellas Artes y Cultos |
| 245 #0 - MENCIÓN DEL TÍTULO | |
| Título | Nivel Inicial Plan Decenal de Educación en Acción, Transformación curricular en marcha |
| 260 ## - PUBLICACIÓN, DISTRIBUCIÓN, ETC. | |
| Nombre del editor, distribuidor, etc. | Taller |
| Fecha de publicación, distribución, etc. | 1996 |
| 901 ## - ELEMENTOS DE DATOS A LOCAL LDA (RLIN) | |
| a | 16/11/2010 2:30:20 p.m. |
No items available.